000 00649nam a2200181Ia 4500
008 100920s9999 xx 000 0 und d
082 _b58084
_a24 थ 90
100 _a---
245 _aगाणी मनातली, गळ्यातली भा.2.
260 _bसाहित्य-प्रसार-केंद्र, मुंबई.
_c1990
300 _a128
_bसाधी
365 _b50
520 _aसायो.
630 _aगाणी मनातली, गळ्यातली भा.2.
650 _aसायो.
730 _aगाणी मनातली, गळ्यातली भा.2.
942 _cBOOK
999 _c701817
_d701814